Jojo's Bizarre Adventure Personnages et Stands par Images - Statistiques

Statistiques générales
  • Ce quiz a été pris 417 fois
  • Le résultat moyen est 84 sur 313
Statistiques - réponses
Par images Réponse % Correct
Jonathan Joestar
97%
Robert E. O. Speedwagon
93%
Dio Brando / DIO
91%
The World
87%
Will Anthonio Zeppeli
85%
Joseph Joestar
80%
Jotaro Kujo
80%
Jean Pierre Polnareff
78%
Kars
78%
Caesar Anthonio Zeppeli
77%
Muhammad Avdol / Mohammed Abdul
77%
Star Platinum
77%
Iggy
76%
Lisa Lisa / Elizabeth
75%
Noriaki Kakyoin
75%
Erina Pendleton
74%
Silver Chariot
73%
Hermit Purple
72%
Josuke Higashikata
71%
Wamuu / Wham
68%
Yoshikage Kira
68%
Chariot Requiem
67%
Esidisi / AC/DC
67%
Rudol von Stroheim
67%
Giorno Giovanna
66%
Killer Queen
66%
Boingo
64%
Koichi Hirose
64%
Rohan Kishibe
64%
The Hand
64%
Crazy Diamond
62%
Oingo
62%
Guido Mista
60%
Okuyasu Nijimura
60%
Diavolo
59%
George Joestar I
59%
Suzi Q
59%
Hol Horse
58%
Jolyne Cujoh
58%
Magician's Red
58%
Bruno Bucciarati / Buccellati
57%
Death Thirteen
57%
Enrico Pucci
57%
Gold Experience
57%
Vanilla Ice
57%
Danny
56%
Hierophant Green
56%
Narancia Ghirga
56%
Gold Experience Requiem
55%
Heaven's Door
55%
Pannacotta Fugo
55%
The Fool
55%
Anubis
53%
Leone Abbacchio
53%
Bites the Dust
52%
King Crimson
52%
Vinegar Doppio
52%
Dario Brando
51%
Emporio Alnino
51%
Sex Pistols
51%
Sun
51%
Ermes Costello
50%
Santana
50%
Trish Una
50%
Weather Report / Wes Bluemarine
50%
Echoes ACT1
49%
Echoes ACT2
49%
Echoes ACT3
49%
Made in Heaven
49%
Stone Free
49%
Holy Kujo
48%
Moody Blues
48%
Sticky Fingers
48%
F.F.
47%
Metallica
47%
Smokey Brown
47%
C-MOON
45%
Weather Report
45%
Enya Geil
44%
Kiss
44%
Purple Haze
44%
Red Hot Chili Pepper
44%
Whitesnake
44%
Risotto Nero
43%
Aerosmith
42%
George Joestar II
42%
Emperor
41%
Mariah
40%
Narciso Anasui
40%
Polpo
40%
Straizo / Straits
40%
Harvest
39%
Cream
38%
Justice
37%
Spice Girl
37%
Anjuro "Angelo" Katagiri
36%
Pesci
36%
Pet Shop
36%
Sheer Heart Attack
36%
Shigekiyo "Shigechi" Yangu
36%
Hayato Kawajiri
32%
Notorious B.I.G
32%
Tonio Trussardi
32%
The Lock
31%
Tower of Gray
31%
Le Bébé Vert
30%
Luca Larme à l'Œil
30%
Poco
30%
Black Sabbath
29%
Lovers
29%
Stray Cat
29%
Strength
29%
Cinderella
28%
Foo Fighters
28%
Cioccolata
27%
Diver Down
27%
Telence T. D'Arby
27%
Yellow Temperance
27%
Yukako Yamagishi
27%
Bad Company
26%
Bohemian Rhapsody
26%
Bruford
25%
Dire
25%
Hanged Man
25%
Wheel of Fortune
25%
J. Geil
24%
N'Doul
24%
Tarkus
24%
Tohth
24%
Akira Otoishi
23%
Alessi
23%
Dark Blue Moon
23%
Reimi Sugimoto
23%
Daniel J. D'Arby
22%
Irene
22%
Jack l'Éventreur
22%
Mr.President
22%
Steely Dan
22%
Empress
21%
Green Day
21%
Highway Star
21%
Beach Boy
20%
Cheap Trick
20%
Geb
20%
Man in the Mirror
20%
Pearl Jam
20%
Prosciutto
20%
Rolling Stones
20%
White Album
20%
Keicho Nijimura
19%
Mark
19%
Secco
19%
Survivor
19%
Earth Wind and Fire
18%
Enigma
18%
Gwess
18%
Bastet
17%
Formaggio
17%
Gelato
17%
Ghiaccio
17%
Little Feet
17%
Love Deluxe
17%
Melone
17%
Sports Maxx
17%
Squalo
17%
Tonpetty
17%
Judgement
16%
Osiris
16%
Shizuka Joestar
16%
Baby Face
15%
Coco Jumbo
15%
High Priestess
15%
Khnum
15%
Mannish Boy
15%
Oasis
15%
Tomoko Higashikata
15%
Boy II Man
14%
Horus
14%
Rikiel
14%
The Grateful Dead
14%
Aqua Necklace
13%
Burning Down the House
13%
Donatello Versus
13%
Ebony Devil
13%
Goo Goo Dolls
13%
Gray Fly
13%
Johngalli A.
13%
Kraft Work
13%
Mario Zucchero
13%
Mikitaka Hazekura
13%
Ratt
13%
Sorbet
13%
Super Fly
13%
Tizzano / Tiziano
13%
Under World
13%
Wang Chan
13%
Atom Heart Father
12%
Aya Tsuji
12%
Carne
12%
Elizabeth I
12%
Forever
12%
Jail House Lock
12%
Merlai Anne
12%
Talking Head
12%
Ungalo
12%
Yoshihiro Kira
12%
ZZ
12%
Anakiss
11%
Atum
11%
Clash
11%
Dragon's Dream
11%
Highway to Hell
11%
Loggins
11%
Marilyn Manson
11%
Surface
11%
Yo-Yo Ma
11%
Yuya Fungami
11%
Achtung Baby
10%
Illuso
10%
Imposteur Captain Tennille
10%
Nena
10%
Police
10%
Romeo Jisso
10%
Sethan
10%
Toshikazu Hazamada
10%
Arabia Fats
9%
Arnold
9%
Cameo
9%
Jumpin' Jack Flash
9%
Mary Joestar
9%
Messina
9%
Midler
9%
Sky High
9%
Bug-Eaten
8%
Chaka
8%
Devo le Maudit
8%
Ken Oyanagi
8%
Kenzou / Kenzô
8%
Limp Bizkit
8%
Mary Stuart
8%
Planet Waves
8%
Sale
8%
Soft Machine
8%
Tenore Sax
8%
Thunder McQueen
8%
Chérie Polnareff / Sherry
7%
D an G
7%
Donovan
7%
Kenny G.
7%
Kosaku Kawajiri
7%
Manhattan Transfer
7%
Mario Zeppeli
7%
Miuccia Miuller / Miu Miu
7%
Peggy
7%
Roses
7%
Savage Garden
7%
Tama
7%
Green, Green Grass of Home
6%
Rubber Soul
6%
Adams
5%
Atroe
5%
Doobie
5%
Miraschon
5%
Not Bug-Eaten
5%
Shinobu Kawajiri
5%
Tamami Kobayashi
5%
Terunosuke Miyamoto
5%
Donatella Una
4%
Irezumi / Tattoo
4%
Khan
4%
Page
4%
Pericolo
4%
Perla Pucci
4%
Scolippi
4%
Viviano Westwood
4%
Wilson Phillips
4%
Bornnam / Bonham
3%
Cabbage
3%
Gloria Costello
3%
Guccio
3%
Jones
3%
Lang Rangler
3%
Masazo Kinoto
3%
Mme Cujoh
3%
M. Zeppeli
3%
Paolo Bucciarati
3%
Père Styx
3%
Put Back
3%
Ryohei Higashikata
3%
Stark
3%
Toyohiro Kanedaichi
3%
Wired Beck
3%
Ayana Hirose
2%
Inspecteur Archer
2%
Malèna
2%
Mme Giovanna
2%
Nukesaku
2%
Plant
2%
Akemi
1%
Amato
1%
Caineghis
1%
Eijkman
1%
Loccobarocco
1%
Mansaku Nijimura
1%
Minako Okura
1%
Mme Hirose
1%
Reiko
1%
Satoru Nakae
1%
Winzaleo
1%
Yoshie
1%
Anita
0%
Eldis
0%
Sonny Likir
0%
Aucun quiz correspondant
Distribution des résultats
% des personnes avec chaque résultat
Percentile par nombre de réponses
Votre historique - résultats
Vous n’avez pas pris ce quiz